[Event "Canadian op"]
[Site "Calgary"]
[Date "2023.07.30"]
[Round "10"]
[White "Quiring, John"]
[Black "Wong, Ford"]
[Result "1/2-1/2"]
[WhiteElo "1772"]
[BlackElo "1650"]
[PlyCount "29"]
[EventDate "2023.07.22"]
[EventType "swiss"]
[EventRounds "10"]
[EventCountry "CAN"]
[SourceTitle "EXT 2024"]
[Source "ChessBase"]
[SourceDate "2023.10.10"]
[SourceVersion "1"]
[SourceVersionDate "2023.10.10"]
[SourceQuality "1"]

1. d4 d5 2. Nf3 Nf6 3. Bg5 Bg4 4. Bxf6 Bxf3 5. Bxg7 Bxg2 6. Bxh8 Bxh1 7. Nc3 Nc6 8. e3 e6 9. Bb5 Bb4 10. a3 a6 11. axb4 axb5 12. Rxa8 Qxa8 13. Ke2 Kd7 14. Qxh1 Qxh8 15. Nxb5 1/2-1/2

[Event "Canadian op"]
[Site "Calgary"]
[Date "2023.07.28"]
[Round "8"]
[White "Quiring, John"]
[Black "Aluko, Lare"]
[Result "0-1"]
[WhiteElo "1772"]
[BlackElo "1570"]
[PlyCount "42"]
[EventDate "2023.07.22"]
[EventType "swiss"]
[EventRounds "10"]
[EventCountry "CAN"]
[SourceTitle "EXT 2024"]
[Source "ChessBase"]
[SourceDate "2023.10.10"]
[SourceVersion "1"]
[SourceVersionDate "2023.10.10"]
[SourceQuality "1"]

1. d4 d5 2. c4 e6 3. Nf3 c6 4. g3 Bd6 5. Bg2 f5 6. 0-0 Nf6 7. Nc3 0-0 8. Qc2 Ne4 9. Nd2 Qf6 10. e3 Qh6 11. Ndxe4 fxe4 12. f3 exf3 13. Bxf3 Qh3 14. e4 e5 15. exd5 Bf5 16. Be4 Qxf1+ 17. Kxf1 Bxe4+ 18. Ke2 Bxc2 19. c5 exd4 20. cxd6 dxc3 21. bxc3 cxd5 0-1

[Event "Canadian op"]
[Site "Calgary"]
[Date "2023.07.27"]
[Round "7"]
[White "Giles, Patrick"]
[Black "Quiring, John"]
[Result "1-0"]
[WhiteElo "1563"]
[BlackElo "1772"]
[PlyCount "55"]
[EventDate "2023.07.22"]
[EventType "swiss"]
[EventRounds "10"]
[EventCountry "CAN"]
[SourceTitle "EXT 2024"]
[Source "ChessBase"]
[SourceDate "2023.10.10"]
[SourceVersion "1"]
[SourceVersionDate "2023.10.10"]
[SourceQuality "1"]

1. Nf3 b6 2. d4 Nf6 3. c4 e6 4. Bg5 Bb7 5. e3 Bb4+ 6. Nc3 0-0 7. Bd3 d5 8. cxd5 exd5 9. 0-0 Nbd7 10. Ne5 Bxc3 11. Nxd7 Qxd7 12. Bxf6 gxf6 13. Qh5 Rfe8 14. Qxh7+ Kf8 15. bxc3 Ke7 16. Qh5 Rh8 17. Qf3 Rag8 18. Bf5 Qd8 19. g3 Rg5 20. Kg2 Bc8 21. Bxc8 Qxc8 22. Rh1 Qh3+ 23. Kg1 Rf5 24. Qg2 Qg4 25. Re1 a5 26. e4 Rf3 27. h3 dxe4 28. hxg4 1-0

[Event "Canadian op"]
[Site "Calgary"]
[Date "2023.07.26"]
[Round "6"]
[White "Quiring, John"]
[Black "Zhong, April Yunwei"]
[Result "0-1"]
[WhiteElo "1772"]
[BlackElo "1528"]
[PlyCount "38"]
[EventDate "2023.07.22"]
[EventType "swiss"]
[EventRounds "10"]
[EventCountry "CAN"]
[SourceTitle "EXT 2024"]
[Source "ChessBase"]
[SourceDate "2023.10.10"]
[SourceVersion "1"]
[SourceVersionDate "2023.10.10"]
[SourceQuality "1"]

1. e4 e6 2. d4 d5 3. e5 c5 4. Nf3 cxd4 5. Nxd4 Nc6 6. f4 Bc5 7. Bb5 Qb6 8. Bxc6+ bxc6 9. c3 Bxd4 10. Qxd4 c5 11. Qe3 Ba6 12. Nd2 Ne7 13. Nb3 Rc8 14. Bd2 0-0 15. g4 f6 16. Kf2 fxe5 17. Qxe5 Ng6 18. Qg5 Rf6 19. Kg3 Qd6 0-1

[Event "Lethbridge op"]
[Site "Lethbridge"]
[Date "2015.04.12"]
[Round "4"]
[White "Quiring, John"]
[Black "Nguyen, Kim"]
[Result "0-1"]
[WhiteElo "1904"]
[BlackElo "2107"]
[PlyCount "72"]
[EventDate "2015.04.11"]
[EventType "swiss"]
[EventRounds "5"]
[EventCountry "CAN"]
[SourceTitle "EXT 2017"]
[Source "ChessBase"]
[SourceDate "2016.10.25"]
[SourceVersion "1"]
[SourceVersionDate "2016.10.25"]
[SourceQuality "1"]

1. e4 d5 2. exd5 Qxd5 3. d4 e5 4. Be3 Nc6 5. Nc3 Bb4 6. Qd2 Be6 7. Nf3 exd4 8. Nxd4 Nxd4 9. Qxd4 Qxd4 10. Bxd4 f6 11. a3 Ba5 12. 0-0-0 0-0-0 13. Be2 Bxc3 14. Bxc3 Ne7 15. b3 Nd5 16. Kb2 Rd6 17. h4 Rhd8 18. Bc4 c5 19. Rhe1 Nf4 20. Rxd6 Rxd6 21. Bxe6+ Rxe6 22. Rxe6 Nxe6 23. Bd2 Kd7 24. Kc3 b5 25. a4 a6 26. axb5 axb5 27. Kd3 Kd6 28. b4 Kd5 29. bxc5 Nxc5+ 30. Ke3 Kc4 31. g4 b4 32. g5 Nd7 33. Ke4 g6 34. h5 Nc5+ 35. Kf3 f5 36. h6 Ne4 0-1

[Event "Lethbridge op"]
[Site "Lethbridge"]
[Date "2015.04.11"]
[Round "1"]
[White "Quiring, John"]
[Black "Scholz, Mike"]
[Result "1/2-1/2"]
[WhiteElo "1904"]
[BlackElo "1440"]
[PlyCount "125"]
[EventDate "2015.04.11"]
[EventType "swiss"]
[EventRounds "5"]
[EventCountry "CAN"]
[SourceTitle "EXT 2017"]
[Source "ChessBase"]
[SourceDate "2016.10.25"]
[SourceVersion "1"]
[SourceVersionDate "2016.10.25"]
[SourceQuality "1"]

1. e4 Nc6 2. d4 d6 3. Bc4 e6 4. Nc3 Be7 5. Be3 Nf6 6. Qd2 Nxe4 7. Nxe4 d5 8. Bb5 dxe4 9. Bxc6+ bxc6 10. Ne2 0-0 11. Nc3 f5 12. g4 Bb4 13. a3 Bxc3 14. Qxc3 f4 15. Bd2 Bb7 16. h4 Qd5 17. Rh2 Rad8 18. Qb4 Qb5 19. Rd1 e3 20. fxe3 fxe3 21. Bxe3 Rf1+ 22. Kd2 Rxd1+ 23. Kxd1 Qxb4 24. axb4 a6 25. Rf2 e5 26. c3 exd4 27. Rd2 d3 28. g5 Rd7 29. Bd4 Kf7 30. Rxd3 Kg6 31. Re3 Kf7 32. Kc2 Rd8 33. Bc5 Re8 34. Rd3 Bc8 35. Rf3+ Kg6 36. Rf4 Bf5+ 37. Kb3 Re4 38. Rxe4 Bxe4 39. Ka4 Kh5 40. Bf2 Kg4 41. Ka5 Bd3 42. b3 Kf3 43. Be1 Ke2 44. Bg3 Kd1 45. Be5 g6 46. c4 Kc2 47. Ka4 Be2 48. Bxc7 Kb2 49. Be5+ Kc2 50. Bd6 Kc3 51. Bc5 Kc2 52. Ka5 Kxb3 53. Kxa6 Kxc4 54. Kb6 Kd5 55. Kc7 Bb5 56. Kd7 Ke5 57. Ke7 Kf4 58. Bf2 Kf3 59. Be1 Kg4 60. Kf7 Kh5 61. Kg7 Bd3 62. Kxh7 Be4 63. Bf2 1/2-1/2

[Event "Medicine Hat op"]
[Site "Medicine Hat"]
[Date "2014.09.21"]
[Round "4.3"]
[White "Szulski, Adam"]
[Black "Quiring, John"]
[Result "0-1"]
[WhiteElo "1746"]
[BlackElo "1862"]
[PlyCount "76"]
[EventDate "2014.09.20"]
[EventType "swiss"]
[EventRounds "5"]
[EventCountry "CAN"]
[SourceTitle "EXT 2022"]
[Source "ChessBase"]
[SourceDate "2021.10.06"]
[SourceVersion "1"]
[SourceVersionDate "2021.10.06"]
[SourceQuality "1"]

1. e4 c5 2. Nf3 Nc6 3. d4 cxd4 4. Nxd4 g6 5. Bc4 Bg7 6. c3 d6 7. Nxc6 bxc6 8. Qf3 e6 9. Be3 Ne7 10. 0-0 0-0 11. Bd4 a5 12. Bxg7 Kxg7 13. Qd3 Kg8 14. Qc2 Qb6 15. Bd3 a4 16. Nd2 d5 17. e5 c5 18. c4 Bb7 19. g4 Nc6 20. a3 Nxe5 21. Be2 Rfd8 22. h4 dxc4 23. Nxc4 Nxc4 24. Bxc4 Rd4 25. Be2 Qc6 26. f3 Rxg4+ 27. Kf2 Rd4 28. h5 Rad8 29. Rad1 Qd5 30. hxg6 fxg6 31. Rg1 Bc6 32. Rxg6+ hxg6 33. Qxg6+ Kf8 34. Qf6+ Ke8 35. Rh1 Kd7 36. Rh7+ Kc8 37. Ba6+ Kb8 38. Qg7 Qxf3+ 0-1

[Event "Medicine Hat op"]
[Site "Medicine Hat"]
[Date "2011.09.17"]
[Round "2.4"]
[White "Dunn, Garth"]
[Black "Quiring, John"]
[Result "1-0"]
[WhiteElo "1738"]
[BlackElo "1833"]
[PlyCount "53"]
[EventDate "2011.09.17"]
[EventType "swiss"]
[EventRounds "5"]
[EventCountry "CAN"]
[SourceTitle "EXT 2022"]
[Source "ChessBase"]
[SourceDate "2021.10.06"]
[SourceVersion "1"]
[SourceVersionDate "2021.10.06"]
[SourceQuality "1"]

1. d4 Nf6 2. Nf3 g6 3. Bf4 Bg7 4. h3 d6 5. e3 c6 6. Bd3 0-0 7. 0-0 b5 8. c4 b4 9. a3 c5 10. axb4 cxb4 11. Nbd2 Bb7 12. Nb3 a5 13. c5 a4 14. Nbd2 dxc5 15. Rxa4 Nc6 16. Ne5 cxd4 17. Nxc6 Bxc6 18. Rxa8 Qxa8 19. e4 Nxe4 20. f3 Nxd2 21. Bxd2 Qa5 22. Qe1 Qa2 23. Qxe7 Qxb2 24. Qxb4 Qxb4 25. Bxb4 Rb8 26. Bc5 Bb5 27. Rb1 1-0

[Event "Medicine Hat op"]
[Site "Medicine Hat"]
[Date "2011.09.17"]
[Round "1.4"]
[White "Quiring, John"]
[Black "Longson, Stan"]
[Result "1-0"]
[WhiteElo "1833"]
[BlackElo "1441"]
[PlyCount "107"]
[EventDate "2011.09.17"]
[EventType "swiss"]
[EventRounds "5"]
[EventCountry "CAN"]
[SourceTitle "EXT 2022"]
[Source "ChessBase"]
[SourceDate "2021.10.06"]
[SourceVersion "1"]
[SourceVersionDate "2021.10.06"]
[SourceQuality "1"]

1. g3 Nf6 2. Bg2 c6 3. c4 d5 4. Nf3 Bg4 5. 0-0 Nbd7 6. Qa4 Nb6 7. Qc2 Nxc4 8. b3 Nd6 9. Bb2 g6 10. d3 Bg7 11. Re1 0-0 12. Nbd2 Re8 13. e4 dxe4 14. dxe4 Nd7 15. Bxg7 Kxg7 16. e5 Nb5 17. h3 Bf5 18. Qb2 Be6 19. Rad1 Qa5 20. Ng5 Qc3 21. Nxe6+ fxe6 22. Qb1 Na3 23. Qe4 Nc5 24. Qg4 Rad8 25. b4 Rxd2 26. bxc5 Rxd1 27. Rxd1 Qxe5 28. Qb4 Nb5 29. Rd7 b6 30. Bxc6 Nc7 31. Rxc7 Qxc7 32. Bxe8 Qxc5 33. Qxc5 bxc5 34. Kf1 Kf6 35. Ke2 e5 36. Kd3 Ke6 37. Kc4 Kd6 38. h4 a6 39. g4 e4 40. Bxg6 hxg6 41. h5 gxh5 42. gxh5 Ke6 43. Kxc5 Kf6 44. Kd4 Kg5 45. Kxe4 Kxh5 46. Ke5 Kg6 47. Ke6 Kg5 48. Kxe7 Kf4 49. Kd6 Kf3 50. Kc6 Kxf2 51. Kb6 Ke3 52. Kxa6 Kd4 53. Kb6 Kc4 54. a4 1-0

[Event "Medicine Hat op"]
[Site "Medicine Hat"]
[Date "2010.09.19"]
[Round "5.5"]
[White "Berndtsson, Kurt"]
[Black "Quiring, John"]
[Result "0-1"]
[WhiteElo "1322"]
[BlackElo "1796"]
[PlyCount "98"]
[EventDate "2010.09.18"]
[EventType "swiss"]
[EventRounds "5"]
[EventCountry "CAN"]
[SourceTitle "EXT 2022"]
[Source "ChessBase"]
[SourceDate "2021.10.06"]
[SourceVersion "1"]
[SourceVersionDate "2021.10.06"]
[SourceQuality "1"]

1. e4 e5 2. Nf3 Nc6 3. Nc3 d6 4. Bb5 a6 5. Bxc6+ bxc6 6. 0-0 Bg4 7. d3 Nf6 8. b3 Qd7 9. Re1 Be7 10. d4 Bxf3 11. Qxf3 exd4 12. Ne2 0-0 13. Bb2 c5 14. Rad1 Ng4 15. h3 Ne5 16. Qg3 f5 17. Nf4 fxe4 18. Rxe4 Qf5 19. f3 c6 20. c4 Bg5 21. Bc1 Bxf4 22. Bxf4 Rae8 23. Rde1 d3 24. Kf2 d2 25. Rd1 Nd3+ 26. Kg1 Nxf4 27. Rxd2 Rxe4 28. fxe4 Qxe4 29. Kh2 Rf6 30. Qg4 Qe5 31. g3 Qe1 32. Qd1 Qxd1 33. Rxd1 Ne2 34. h4 Nd4 35. Kg2 Kf7 36. Rb1 a5 37. a3 Rf3 38. a4 Nxb3 39. Kxf3 Nd2+ 40. Kf4 Nxb1 41. Kf5 Nc3 42. g4 Nxa4 43. g5 Nb6 44. h5 h6 45. g6+ Ke7 46. Ke4 a4 47. Kd3 Kf6 48. Kc3 Kg5 49. Kb2 Kxh5 0-1

[Event "Medicine Hat op"]
[Site "Medicine Hat"]
[Date "2010.09.19"]
[Round "4.2"]
[White "Quiring, John"]
[Black "Schibler, Jordan"]
[Result "0-1"]
[WhiteElo "1796"]
[BlackElo "1810"]
[PlyCount "84"]
[EventDate "2010.09.18"]
[EventType "swiss"]
[EventRounds "5"]
[EventCountry "CAN"]
[SourceTitle "EXT 2022"]
[Source "ChessBase"]
[SourceDate "2021.10.06"]
[SourceVersion "1"]
[SourceVersionDate "2021.10.06"]
[SourceQuality "1"]

1. e4 e5 2. Nf3 Nf6 3. Bc4 Nc6 4. Qe2 Bc5 5. c3 d6 6. h3 a5 7. 0-0 0-0 8. Rd1 h6 9. d3 Qe7 10. Nbd2 Be6 11. Bxe6 fxe6 12. Nf1 Bb6 13. Be3 Bxe3 14. Qxe3 Nd7 15. d4 exd4 16. Nxd4 Nxd4 17. cxd4 e5 18. Rac1 Rac8 19. Ng3 Qf7 20. d5 Nc5 21. Nf5 Nxe4 22. Qxe4 Qxf5 23. Qxf5 Rxf5 24. Rd3 Rf7 25. Ra3 b6 26. f3 Kf8 27. Rac3 Ke8 28. Rc4 Kd8 29. Kf2 Rb8 30. Rc6 Rd7 31. Ke3 Kc8 32. Ke4 Kb7 33. R1c4 Rf8 34. Ke3 Rf6 35. b4 axb4 36. Rxb4 Rdf7 37. Rcc4 g5 38. Kd3 Rf4 39. Ke3 Rxc4 40. Rxc4 Rf4 41. Rxf4 gxf4+ 42. Ke4 c5 0-1

[Event "Trumpeter Classic op"]
[Site "Grande Prairie"]
[Date "2010.01.31"]
[Round "4"]
[White "Panteluk, Steven"]
[Black "Quiring, John"]
[Result "0-1"]
[WhiteElo "1679"]
[BlackElo "1795"]
[PlyCount "62"]
[EventDate "2010.01.30"]
[EventType "swiss"]
[EventRounds "5"]
[EventCountry "CAN"]
[SourceTitle "EXT 2011"]
[Source "ChessBase"]
[SourceDate "2010.11.26"]
[SourceVersion "1"]
[SourceVersionDate "2010.11.26"]
[SourceQuality "1"]

1. d4 c5 2. Nf3 cxd4 3. Nxd4 g6 4. g3 Bg7 5. Bg2 Nc6 6. c3 d5 7. 0-0 Bd7 8. Nxc6 bxc6 9. Nd2 e6 10. Nb3 Ne7 11. e4 0-0 12. Re1 Rc8 13. Nc5 Qc7 14. Be3 Rcd8 15. Qa4 Nc8 16. Na6 Qb7 17. Rab1 Nb6 18. Bxb6 axb6 19. exd5 cxd5 20. Qa3 Ra8 21. Bf1 Rfc8 22. Qb3 Rxa6 23. Bxa6 Qxa6 24. a3 Bb5 25. Qb4 Bc4 26. Qd6 Qb5 27. h4 Ba2 28. a4 Qxa4 29. Ra1 Qb3 30. h5 Qxb2 31. hxg6 hxg6 0-1

[Event "Canadian op"]
[Site "Edmonton"]
[Date "2009.07.16"]
[Round "6.79"]
[White "Quiring, John"]
[Black "Plotkin, Mark"]
[Result "0-1"]
[WhiteElo "1846"]
[BlackElo "1562"]
[PlyCount "78"]
[EventDate "2009.07.11"]
[EventType "swiss"]
[EventRounds "9"]
[EventCountry "CAN"]
[SourceTitle "EXT 2022"]
[Source "ChessBase"]
[SourceDate "2021.10.06"]
[SourceVersion "1"]
[SourceVersionDate "2021.10.06"]
[SourceQuality "1"]

1. e4 e5 2. f4 Nf6 3. Bc4 Nxe4 4. Nf3 d5 5. Bb3 exf4 6. d3 Nc5 7. Bxf4 Nxb3 8. axb3 Bd6 9. Qd2 0-0 10. 0-0 Nc6 11. Nc3 Bf5 12. Nxd5 Bc5+ 13. Ne3 Re8 14. Kh1 Bxe3 15. Bxe3 Bg6 16. Ra4 Ne5 17. Nh4 Qd7 18. Nxg6 Nxg6 19. Qf2 a6 20. Qg3 b5 21. Rd4 Qe6 22. Re4 Qc6 23. Qf3 Rxe4 24. Qxf7+ Kh8 25. dxe4 Qxe4 26. Bd2 Qxc2 27. Bc3 Rg8 28. h3 c5 29. Re1 h6 30. Re8 Qd1+ 31. Re1 Qc2 32. Kh2 Nh4 33. Qd5 Qg6 34. Re6 Qh7 35. Qh5 Nf5 36. g4 Nd4 37. Rg6 Rd8 38. Kg2 Re8 39. Rxh6 Re2+ 0-1

[Event "Canadian op"]
[Site "Edmonton"]
[Date "2009.07.13"]
[Round "3.37"]
[White "Kaptsan, Aron"]
[Black "Quiring, John"]
[Result "1/2-1/2"]
[WhiteElo "2027"]
[BlackElo "1846"]
[PlyCount "98"]
[EventDate "2009.07.11"]
[EventType "swiss"]
[EventRounds "9"]
[EventCountry "CAN"]
[SourceTitle "EXT 2022"]
[Source "ChessBase"]
[SourceDate "2021.10.06"]
[SourceVersion "1"]
[SourceVersionDate "2021.10.06"]
[SourceQuality "1"]

1. d4 c5 2. d5 Nf6 3. c4 d6 4. Nc3 e6 5. g3 exd5 6. cxd5 g6 7. Bg2 Bg7 8. Nf3 0-0 9. 0-0 a6 10. a4 Re8 11. Nd2 Nbd7 12. Nc4 Nb6 13. Na3 Bd7 14. a5 Nc8 15. Nc4 Bb5 16. Nd2 b6 17. axb6 Nxb6 18. Re1 Ng4 19. Nf3 Nc4 20. Qb3 Qb6 21. Ng5 Nce5 22. Nge4 f5 23. h3 fxe4 24. hxg4 Nxg4 25. e3 Rab8 26. Nxe4 Ne5 27. Ng5 Bc4 28. Qxb6 Rxb6 29. Ne6 Nd3 30. Rd1 Bxb2 31. Bxb2 Rxb2 32. Bf1 Rb3 33. Nf4 Ne5 34. Bxc4 Nxc4 35. Rxa6 Reb8 36. Ra2 Nb2 37. Rd2 c4 38. Ne2 Nd3 39. Rac2 Rb1+ 40. Kh2 R8b4 41. Nc3 R1b2 42. Rxb2 Nxb2 43. Rc2 Nd3 44. Kg1 Kg7 45. Kf1 Kf6 46. Ke2 h5 47. f4 Kf5 48. Na2 Ra4 49. Nc3 Rb4 1/2-1/2

[Event "Canadian op"]
[Site "Edmonton"]
[Date "2009.07.11"]
[Round "1"]
[White "Gerzhoy, Leonid"]
[Black "Quiring, John"]
[Result "1-0"]
[WhiteElo "2409"]
[BlackElo "1846"]
[PlyCount "43"]
[EventDate "2009.07.11"]
[EventType "swiss"]
[EventRounds "9"]
[EventCountry "CAN"]
[SourceTitle "CBM 132 Extra"]
[Source "ChessBase"]
[SourceDate "2009.11.03"]
[SourceVersion "1"]
[SourceVersionDate "2009.11.03"]
[SourceQuality "1"]

1. e4 d6 2. d4 g6 3. c4 Bg7 4. Nc3 Nd7 5. Nf3 e5 6. Be2 exd4 7. Nxd4 Ne7 8. 0-0 Ne5 9. Bg5 f6 10. Bh4 N7c6 11. Nxc6 Nxc6 12. c5 Be6 13. cxd6 Qxd6 14. Qxd6 cxd6 15. Rfd1 0-0-0 16. Nb5 d5 17. Bg3 Bf8 18. Rac1 a6 19. Nd4 Bg8 20. Nxc6 bxc6 21. Rxc6+ Kb7 22. Rc7+ 1-0

[Event "Grande Prairie Trumpeter op"]
[Site "Grande Prairie"]
[Date "2009.02.01"]
[Round "4"]
[White "Lefkowitz, Phil"]
[Black "Quiring, John"]
[Result "0-1"]
[WhiteElo "1681"]
[BlackElo "1830"]
[PlyCount "74"]
[EventDate "2009.01.31"]
[EventType "swiss"]
[EventRounds "5"]
[EventCountry "CAN"]
[SourceTitle "EXT 2011"]
[Source "ChessBase"]
[SourceDate "2010.11.26"]
[SourceVersion "1"]
[SourceVersionDate "2010.11.26"]
[SourceQuality "1"]

1. d4 g6 2. c4 d6 3. e4 Bg7 4. Nc3 Nd7 5. Be3 e5 6. Nge2 Ne7 7. Qd2 f5 8. exf5 gxf5 9. dxe5 Nxe5 10. Nd4 Bd7 11. Be2 N7g6 12. Bg5 Qc8 13. 0-0-0 h6 14. Be3 h5 15. Bg5 Nf7 16. Qe3+ Kf8 17. h3 Nxg5 18. f4 Ne6 19. Nxf5 Nexf4 20. Nxg7 Nxe2+ 21. Nxe2 Kxg7 22. Qd4+ Kh7 23. g4 Rf8 24. gxh5 Ne5 25. c5 Bf5 26. Ng3 Qe6 27. Nxf5 Rxf5 28. Qe4 Qc4+ 29. Qxc4 Nxc4 30. b3 Ne3 31. Rde1 Rxc5+ 32. Kb2 Re8 33. Kb1 Rxh5 34. Rc1 c6 35. h4 d5 36. b4 Re4 37. a3 Nc4 0-1

[Event "Grande Prairie Trumpeter op"]
[Site "Grande Prairie"]
[Date "2009.02.01"]
[Round "5"]
[White "Yearwood, Roy"]
[Black "Quiring, John"]
[Result "1-0"]
[WhiteElo "2075"]
[BlackElo "1830"]
[PlyCount "43"]
[EventDate "2009.01.31"]
[EventType "swiss"]
[EventRounds "5"]
[EventCountry "CAN"]
[SourceTitle "EXT 2011"]
[Source "ChessBase"]
[SourceDate "2010.11.26"]
[SourceVersion "1"]
[SourceVersionDate "2010.11.26"]
[SourceQuality "1"]

1. Nc3 g6 2. e4 d6 3. d4 Bg7 4. Be3 c6 5. Qd2 b5 6. 0-0-0 a6 7. f4 Nf6 8. e5 Ng4 9. h3 Nxe3 10. Qxe3 d5 11. Bd3 Qa5 12. Kb1 e6 13. Nf3 Nd7 14. Nd2 Qc7 15. g4 Nb6 16. f5 b4 17. Ne2 a5 18. Nb3 Ba6 19. Nc5 Bc8 20. Rhf1 Nc4 21. Qg5 a4 22. fxe6 1-0

[Event "Alberta op"]
[Site "Edmonton"]
[Date "2001.10.06"]
[Round "2"]
[White "Gardner, Robert"]
[Black "Quiring, John"]
[Result "1-0"]
[WhiteElo "2264"]
[BlackElo "1896"]
[PlyCount "65"]
[EventDate "2001.10.06"]
[EventType "swiss"]
[EventRounds "6"]
[EventCountry "CAN"]
[SourceTitle "EXT 2017"]
[Source "ChessBase"]
[SourceDate "2016.10.25"]
[SourceVersion "1"]
[SourceVersionDate "2016.10.25"]
[SourceQuality "1"]

1. d4 Nf6 2. c4 g6 3. Nc3 d5 4. cxd5 Nxd5 5. e4 Nxc3 6. bxc3 Bg7 7. Bc4 c5 8. Ne2 0-0 9. Be3 Nc6 10. h4 Qa5 11. Kf1 Rd8 12. Rb1 cxd4 13. cxd4 e6 14. h5 a6 15. d5 b5 16. Bd2 Qc7 17. Bb3 exd5 18. hxg6 hxg6 19. Bxd5 Bb7 20. Rc1 Qd7 21. Bc3 Ne5 22. Nf4 Rac8 23. Bxe5 Bxd5 24. Nxd5 Bxe5 25. Rh3 Rxc1 26. Qxc1 Bg7 27. Qc5 Qd6 28. Qc2 Kf8 29. Rd3 Qe5 30. Qc5+ Qd6 31. Qc2 Qe5 32. f4 Qd6 33. e5 1-0

[Event "CAN-ch op"]
[Site "Sackville"]
[Date "2001.07.15"]
[Round "10"]
[White "Ward, Kevin"]
[Black "Quiring, John"]
[Result "0-1"]
[WhiteElo "1714"]
[BlackElo "1974"]
[PlyCount "40"]
[EventDate "2001.07.??"]
[EventType "swiss"]
[EventRounds "10"]
[EventCountry "CAN"]
[SourceTitle "EXT 2006"]
[Source "ChessBase"]
[SourceDate "2005.11.24"]
[SourceVersion "1"]
[SourceVersionDate "2005.11.24"]
[SourceQuality "1"]

1. f4 d5 2. Nf3 Nf6 3. b3 c5 4. e3 Bg4 5. Bb2 e6 6. h3 Bh5 7. Nc3 Bd6 8. Nb5 Be7 9. g4 Bg6 10. Nc3 Ne4 11. Nxe4 Bxe4 12. Bb5+ Nc6 13. g5 f6 14. h4 h6 15. Rg1 hxg5 16. hxg5 Rh3 17. gxf6 Bxf3 18. fxe7 Qxe7 19. Be2 Qh4+ 20. Kf1 Rh2 0-1

[Event "CAN-ch op"]
[Site "Sackville"]
[Date "2001.07.11"]
[Round "6"]
[White "Quiring, John"]
[Black "Ng, Gary"]
[Result "0-1"]
[WhiteElo "1974"]
[BlackElo "1731"]
[PlyCount "60"]
[EventDate "2001.07.??"]
[EventType "swiss"]
[EventRounds "10"]
[EventCountry "CAN"]
[SourceTitle "EXT 2006"]
[Source "ChessBase"]
[SourceDate "2005.11.24"]
[SourceVersion "1"]
[SourceVersionDate "2005.11.24"]
[SourceQuality "1"]

1. c4 b6 2. d4 Bb7 3. Nc3 e6 4. Bf4 f5 5. e3 Nf6 6. Nf3 Bb4 7. Qb3 Bxc3+ 8. Qxc3 0-0 9. Be2 d6 10. 0-0 Ne4 11. Qc2 Nd7 12. Ne1 g5 13. Bg3 f4 14. d5 Nec5 15. b4 Na6 16. Qe4 e5 17. exf4 gxf4 18. Bd3 Qe7 19. Nf3 fxg3 20. a3 Rf4 21. Qe3 gxh2+ 22. Kh1 Raf8 23. Rae1 Qg7 24. Qe2 Nab8 25. Qc2 h6 26. Re4 c6 27. Rxf4 Rxf4 28. Bf5 Qf6 29. Be6+ Kg7 30. Qd3 e4 0-1

[Event "CAN-ch op"]
[Site "Sackville"]
[Date "2001.07.09"]
[Round "4"]
[White "Day, Christopher"]
[Black "Quiring, John"]
[Result "1-0"]
[WhiteElo "1696"]
[BlackElo "1974"]
[PlyCount "91"]
[EventDate "2001.07.??"]
[EventType "swiss"]
[EventRounds "10"]
[EventCountry "CAN"]
[SourceTitle "EXT 2006"]
[Source "ChessBase"]
[SourceDate "2005.11.24"]
[SourceVersion "1"]
[SourceVersionDate "2005.11.24"]
[SourceQuality "1"]

1. d4 Nf6 2. Nf3 g6 3. c4 Bg7 4. Nc3 d5 5. g3 0-0 6. Bg2 c6 7. 0-0 Nbd7 8. b3 Re8 9. cxd5 cxd5 10. Bb2 b6 11. e3 Ba6 12. Re1 Rc8 13. Rc1 e6 14. Nd2 Nb8 15. f4 Nc6 16. Nf3 Nb4 17. Bf1 Bxf1 18. Rxf1 Ng4 19. Qe2 Nh6 20. Nb5 Nc6 21. Ba3 Bf8 22. Bxf8 Kxf8 23. Ne5 Nxe5 24. fxe5 Nf5 25. Rxc8 Qxc8 26. g4 a6 27. gxf5 axb5 28. fxg6 hxg6 29. Qf2 Qc7 30. Qf6 Rc8 31. Qxe6 Kg8 32. Rxf7 Qxf7 33. Qxc8+ Kg7 34. e6 Qf3 35. Qc7+ Kh8 36. Qd8+ Kg7 37. Qe7+ Kh6 38. Qh4+ Kg7 39. Qf4 Qh5 40. Qf7+ Kh6 41. Qf4+ Kg7 42. e7 Qd1+ 43. Kg2 Qe2+ 44. Kh3 Qh5+ 45. Kg3 g5 46. Qg4 1-0

[Event "Alberta op"]
[Site "Edmonton"]
[Date "1999.10.09"]
[Round "2"]
[White "Quiring, John"]
[Black "Ottosen, David"]
[Result "0-1"]
[WhiteElo "1949"]
[BlackElo "2205"]
[PlyCount "46"]
[EventDate "1999.10.09"]
[EventType "swiss"]
[EventRounds "6"]
[EventCountry "CAN"]
[SourceTitle "EXT 2017"]
[Source "ChessBase"]
[SourceDate "2016.10.25"]
[SourceVersion "1"]
[SourceVersionDate "2016.10.25"]
[SourceQuality "1"]

1. e4 e6 2. d3 d5 3. Nd2 c5 4. g3 b6 5. Bg2 Bb7 6. Ne2 Nf6 7. f4 Ng4 8. Nf1 dxe4 9. Nc3 f5 10. Qe2 Nc6 11. dxe4 Nd4 12. Qd1 Qc7 13. h3 Nf6 14. Be3 0-0-0 15. Nd2 Nxe4 16. Bxe4 fxe4 17. Bxd4 cxd4 18. Ncxe4 Kb8 19. 0-0 g6 20. Rc1 e5 21. Qe2 exf4 22. Rxf4 Bh6 23. Rf3 Rhe8 0-1

[Event "Alberta op"]
[Site "Calgary"]
[Date "1998.10.11"]
[Round "4"]
[White "Quiring, John"]
[Black "Ottosen, David"]
[Result "1/2-1/2"]
[WhiteElo "1940"]
[BlackElo "2095"]
[PlyCount "85"]
[EventDate "1998.10.10"]
[EventType "swiss"]
[EventRounds "6"]
[EventCountry "CAN"]
[SourceTitle "EXT 2017"]
[Source "ChessBase"]
[SourceDate "2016.10.25"]
[SourceVersion "1"]
[SourceVersionDate "2016.10.25"]
[SourceQuality "1"]

1. e4 c5 2. Nc3 Nc6 3. f4 g6 4. Nf3 e6 5. Bc4 Nge7 6. 0-0 Bg7 7. a3 0-0 8. d3 d5 9. Ba2 a6 10. Qe1 Nd4 11. Nxd4 cxd4 12. Ne2 dxe4 13. dxe4 d3 14. cxd3 Qxd3 15. Bb1 Qd8 16. Rf3 Nc6 17. Kh1 b5 18. Nc3 Na5 19. Bc2 Bb7 20. Be3 Nc4 21. Rd1 Qe7 22. Bc1 Rfd8 23. Rfd3 Rxd3 24. Rxd3 Rd8 25. Qd1 Rxd3 26. Bxd3 Nxa3 27. Qb3 Qd7 28. Qd1 Nc4 29. Qe2 Qd4 30. h3 Bf8 31. Bxc4 bxc4 32. Be3 Qd3 33. Qxd3 cxd3 34. Kg1 Bb4 35. e5 Kf8 36. Kf2 Ke7 37. g3 Kd7 38. Bd4 Bh1 39. h4 Bc6 40. Ke3 Bb5 41. Ne4 Kc6 42. Bc3 Bxc3 43. Nxc3 1/2-1/2